Teoría del marketing /
Guardado en:
| Autor Principal: | |
|---|---|
| Formato: | Libro |
| Publicado: |
Barcelona :
Labor
|
| Series: | Nueva Colección Labor
|
| Materias: | |
| Etiquetas: |
Agregar Etiqueta
Sin Etiquetas, Sea el primero en etiquetar este registro!
|
| LEADER | 00918nam a22002055a 4500 | ||
|---|---|---|---|
| 001 | CEM.cems010991 | ||
| 005 | 20071218180038.0 | ||
| 008 | 130507b######################000#0#####d | ||
| 003 | CEMS | ||
| 082 | 0 | 4 | |a 658.83 |
| 100 | 1 | |a Schwartz, George | |
| 245 | 1 | 0 | |a Teoría del marketing / |c George Schwartz |
| 260 | |a Barcelona : |b Labor | ||
| 300 | |a 165 p. | ||
| 490 | 0 | |a Nueva Colección Labor | |
| 505 | 0 | |a Hacia el desarrollo de las teorías del mercado -- Las leyes de gravitación del comercio al por menor -- La física social -- Teoría de los juegos de estrategia -- Teoría del mercado interregional e intrarregional -- Funciones del mercado -- Sistemas de conducta organizada y teoría de la conducta del mercado -- Análisis de la eficacia de los canales comerciales | |
| 653 | |a Marketing | ||
| 653 | |a Administración de empresas | ||
| 653 | |a Mercado | ||
| 859 | |a CEMS |b BIB. CEMS - 11 de abril |h 658.83 |i Sch95 |p 21784.02 |t Ej.1 | ||
